| 000 | 00000nam 2200000za 4500 |
| 001 | 9.820014 |
| 003 | CaOODSP |
| 005 | 20240703102706 |
| 007 | cr ||||||||||| |
| 008 | 160624s2016 onco o f000 0 eng d |
| 040 | |aCaOODSP|beng |
| 043 | |an-cn--- |
| 086 | 1 |aA104-36/18-2016E-PDF |
| 245 | 00|aKudzu |h[electronic resource]. |
| 246 | 13|aKudzu (Pueraria montana) |
| 260 | |a[Ottawa] : |bCanadian Food Inspection Agency, |cc2016. |
| 300 | |a[2] p. : |bill. |
| 500 | |aIssued also in French under title: Kudzu. |
| 530 | |aIssued also in print. |
| 692 | 07|2gccst|aInvasive species |
| 692 | 07|2gccst|aWild plants |
| 710 | 2 |aCanadian Food Inspection Agency. |
| 775 | 08|tKudzu |w(CaOODSP)9.820017 |
| 856 | 40|qPDF|s1.62 MB|uhttps://publications.gc.ca/collections/collection_2016/acia-cfia/A104-36-18-2016-eng.pdf |